<?xml version="1.0" encoding="UTF-8"?>
<record
    xmlns:xsi="http://www.w3.org/2001/XMLSchema-instance"
    xsi:schemaLocation="http://www.loc.gov/MARC21/slim http://www.loc.gov/standards/marcxml/schema/MARC21slim.xsd"
    xmlns="http://www.loc.gov/MARC21/slim">

  <leader>01477nam a22002537a 4500</leader>
  <datafield tag="999" ind1=" " ind2=" ">
    <subfield code="c">58992</subfield>
    <subfield code="d">58992</subfield>
  </datafield>
  <controlfield tag="003">Ge_BSU</controlfield>
  <controlfield tag="005">20221027160352.0</controlfield>
  <controlfield tag="008">221027s2009    ge ||||| |||| 00| 0 geo d</controlfield>
  <datafield tag="020" ind1=" " ind2=" ">
    <subfield code="a">9789941125379</subfield>
  </datafield>
  <datafield tag="041" ind1=" " ind2=" ">
    <subfield code="a">geo</subfield>
  </datafield>
  <datafield tag="080" ind1=" " ind2=" ">
    <subfield code="a">336 &#x10D1;-83</subfield>
  </datafield>
  <datafield tag="100" ind1=" " ind2=" ">
    <subfield code="a">&#x10D1;&#x10DD;&#x10DA;&#x10E5;&#x10D5;&#x10D0;&#x10EB;&#x10D4;, &#x10D1;&#x10D4;&#x10E1;&#x10D8;&#x10D9;</subfield>
    <subfield code="9">1967</subfield>
  </datafield>
  <datafield tag="245" ind1=" " ind2=" ">
    <subfield code="a">&#x10E4;&#x10D8;&#x10E1;&#x10D9;&#x10D0;&#x10DA;&#x10E3;&#x10E0;&#x10D8; &#x10D3;&#x10D0; &#x10DB;&#x10DD;&#x10DC;&#x10D4;&#x10E2;&#x10D0;&#x10E0;&#x10E3;&#x10DA;&#x10D8; &#x10DE;&#x10DD;&#x10DA;&#x10D8;&#x10E2;&#x10D8;&#x10D9;&#x10D8;&#x10E1; &#x10D9;&#x10DD;&#x10DD;&#x10E0;&#x10D3;&#x10D8;&#x10DC;&#x10D0;&#x10EA;&#x10D8;&#x10D8;&#x10E1; &#x10DB;&#x10DC;&#x10D8;&#x10E8;&#x10D5;&#x10DC;&#x10D4;&#x10DA;&#x10DD;&#x10D1;&#x10D0; &#x10E1;&#x10D0;&#x10E5;&#x10D0;&#x10E0;&#x10D7;&#x10D5;&#x10D4;&#x10DA;&#x10DD;&#x10E1; &#x10D2;&#x10D0;&#x10E0;&#x10D3;&#x10D0;&#x10DB;&#x10D0;&#x10D5;&#x10D0;&#x10DA; &#x10D4;&#x10D9;&#x10DD;&#x10DC;&#x10DD;&#x10DB;&#x10D8;&#x10D9;&#x10D0;&#x10E8;&#x10D8; /</subfield>
    <subfield code="c">&#x10D1;&#x10D4;&#x10E1;&#x10D8;&#x10D9; &#x10D1;&#x10DD;&#x10DA;&#x10E5;&#x10D5;&#x10D0;&#x10EB;&#x10D4; ; [&#x10E1;&#x10D0;&#x10DB;&#x10D4;&#x10EA;&#x10DC;. &#x10E0;&#x10D4;&#x10D3;. &#x10D5;&#x10DA;&#x10D0;&#x10D3;&#x10D8;&#x10DB;&#x10D4;&#x10E0; &#x10DE;&#x10D0;&#x10DE;&#x10D0;&#x10D5;&#x10D0;].</subfield>
  </datafield>
  <datafield tag="264" ind1=" " ind2=" ">
    <subfield code="a">&#x10D7;&#x10D1;&#x10D8;&#x10DA;&#x10D8;&#x10E1;&#x10D8; :</subfield>
    <subfield code="b">&#x10E3;&#x10DC;&#x10D8;&#x10D5;&#x10D4;&#x10E0;&#x10E1;&#x10D0;&#x10DA;&#x10D8;,</subfield>
    <subfield code="c">2009.</subfield>
  </datafield>
  <datafield tag="300" ind1=" " ind2=" ">
    <subfield code="a">256&#x10D2;&#x10D5;. : </subfield>
    <subfield code="b">&#x10EA;&#x10EE;&#x10E0;., &#x10DC;&#x10D0;&#x10EE;. ; </subfield>
    <subfield code="c">20&#x10E1;&#x10DB;.</subfield>
  </datafield>
  <datafield tag="500" ind1=" " ind2=" ">
    <subfield code="a">&#x10E8;&#x10D4;&#x10DC;&#x10D8;&#x10E8;&#x10D5;&#x10DC;. &#x10D3;&#x10D0; &#x10D2;&#x10D5;. 239-254.</subfield>
  </datafield>
  <datafield tag="504" ind1=" " ind2=" ">
    <subfield code="a">&#x10D1;&#x10D8;&#x10D1;&#x10DA;&#x10D8;&#x10DD;&#x10D2;&#x10E0;. &#x10E2;&#x10D4;&#x10E5;&#x10E1;&#x10E2;.</subfield>
  </datafield>
  <datafield tag="520" ind1=" " ind2=" ">
    <subfield code="a">&#x10E0;&#x10D4;&#x10D6;. &#x10D8;&#x10DC;&#x10D2;&#x10DA;.</subfield>
  </datafield>
  <datafield tag="653" ind1=" " ind2=" ">
    <subfield code="a">&#x10E1;&#x10D0;&#x10D1;&#x10D8;&#x10E3;&#x10EF;&#x10D4;&#x10E2;&#x10DD;-&#x10E1;&#x10D0;&#x10D2;&#x10D0;&#x10D3;&#x10D0;&#x10E1;&#x10D0;&#x10EE;&#x10D0;&#x10D3;&#x10DD; &#x10DE;&#x10DD;&#x10DA;&#x10D8;&#x10E2;&#x10D8;&#x10D9;&#x10D0; &#x10E1;&#x10D0;&#x10E5;&#x10D0;&#x10E0;&#x10D7;&#x10D5;&#x10D4;&#x10DA;&#x10DD;&#x10E8;&#x10D8;</subfield>
  </datafield>
  <datafield tag="653" ind1=" " ind2=" ">
    <subfield code="a">&#x10E4;&#x10E3;&#x10DA;&#x10D0;&#x10D3;-&#x10E1;&#x10D0;&#x10D9;&#x10E0;&#x10D4;&#x10D3;&#x10D8;&#x10E2;&#x10DD; &#x10DE;&#x10DD;&#x10DA;&#x10D8;&#x10E2;&#x10D8;&#x10D9;&#x10D0; &#x10E1;&#x10D0;&#x10E5;&#x10D0;&#x10E0;&#x10D7;&#x10D5;&#x10D4;&#x10DA;&#x10DD;&#x10E8;&#x10D8;.</subfield>
  </datafield>
  <datafield tag="653" ind1=" " ind2=" ">
    <subfield code="a">&#x10D2;&#x10D0;&#x10E0;&#x10D3;&#x10D0;&#x10DB;&#x10D0;&#x10D5;&#x10D0;&#x10DA;&#x10D8; &#x10D4;&#x10D9;&#x10DD;&#x10DC;&#x10DD;&#x10DB;&#x10D8;&#x10D9;&#x10D0;</subfield>
  </datafield>
  <datafield tag="700" ind1=" " ind2=" ">
    <subfield code="a">&#x10DE;&#x10D0;&#x10DE;&#x10D0;&#x10D5;&#x10D0;, &#x10D5;&#x10DA;&#x10D0;&#x10D3;&#x10D8;&#x10DB;&#x10D4;&#x10E0;</subfield>
    <subfield code="e">&#x10E0;&#x10D4;&#x10D3;&#x10D0;&#x10E5;&#x10E2;&#x10DD;&#x10E0;&#x10D8;</subfield>
    <subfield code="9">15601</subfield>
  </datafield>
  <datafield tag="942" ind1=" " ind2=" ">
    <subfield code="2">udc</subfield>
    <subfield code="c">BK</subfield>
  </datafield>
  <datafield tag="952" ind1=" " ind2=" ">
    <subfield code="0">0</subfield>
    <subfield code="1">0</subfield>
    <subfield code="2">udc</subfield>
    <subfield code="4">0</subfield>
    <subfield code="6">336_&#x10D1;83</subfield>
    <subfield code="7">0</subfield>
    <subfield code="9">92795</subfield>
    <subfield code="a">CPL</subfield>
    <subfield code="b">CPL</subfield>
    <subfield code="c">GEN</subfield>
    <subfield code="d">2022-10-27</subfield>
    <subfield code="g">12.00</subfield>
    <subfield code="o">336 &#x10D1;-83</subfield>
    <subfield code="p">28799</subfield>
    <subfield code="r">2022-10-27</subfield>
    <subfield code="t">28799</subfield>
    <subfield code="w">2022-10-27</subfield>
    <subfield code="y">BK</subfield>
    <subfield code="z">12 &#x10DA;.</subfield>
  </datafield>
  <datafield tag="952" ind1=" " ind2=" ">
    <subfield code="0">0</subfield>
    <subfield code="1">0</subfield>
    <subfield code="2">udc</subfield>
    <subfield code="4">0</subfield>
    <subfield code="6">336_&#x10D1;83</subfield>
    <subfield code="7">0</subfield>
    <subfield code="9">102793</subfield>
    <subfield code="a">CPL</subfield>
    <subfield code="b">CPL</subfield>
    <subfield code="c">GEN</subfield>
    <subfield code="d">2025-04-29</subfield>
    <subfield code="g">10.00</subfield>
    <subfield code="o">336 &#x10D1;-83</subfield>
    <subfield code="p">71288</subfield>
    <subfield code="r">2025-04-29</subfield>
    <subfield code="t">71288</subfield>
    <subfield code="w">2025-04-29</subfield>
    <subfield code="y">BK</subfield>
    <subfield code="z">10 &#x10DA;.</subfield>
  </datafield>
  <datafield tag="952" ind1=" " ind2=" ">
    <subfield code="0">0</subfield>
    <subfield code="1">0</subfield>
    <subfield code="2">udc</subfield>
    <subfield code="4">0</subfield>
    <subfield code="6">336_&#x10D1;83</subfield>
    <subfield code="7">0</subfield>
    <subfield code="9">102794</subfield>
    <subfield code="a">CPL</subfield>
    <subfield code="b">CPL</subfield>
    <subfield code="c">GEN</subfield>
    <subfield code="d">2025-04-29</subfield>
    <subfield code="g">10.00</subfield>
    <subfield code="o">336 &#x10D1;-83</subfield>
    <subfield code="p">71289</subfield>
    <subfield code="r">2025-04-29</subfield>
    <subfield code="t">71289</subfield>
    <subfield code="w">2025-04-29</subfield>
    <subfield code="y">BK</subfield>
    <subfield code="z">10 &#x10DA;.</subfield>
  </datafield>
</record>
